Evaluación de las condiciones de vida del obrero en las industrias y fabricas de Costa Rica
Shranjeno v:
| Glavni avtor: | |
|---|---|
| Drugi avtorji: | , |
| Format: | Knjiga |
| Izdano: |
[San José, Costa Rica]
1971
|
| Oznake: |
Označite
Brez oznak, prvi označite!
|
MARC
| LEADER | 00000nam a2200000Ia 4500 | ||
|---|---|---|---|
| 003 | PIE090 | ||
| 005 | 20231110135957.0 | ||
| 008 | 140116s1971 c a m 000 ||s d | ||
| 040 | |c cru CEDI | ||
| 090 | |a PIE 90 | ||
| 100 | |a Moya Morux, Luis Fdo |9 18233 | ||
| 245 | |a Evaluación de las condiciones de vida del obrero en las industrias y fabricas de Costa Rica | ||
| 260 | |a [San José, Costa Rica] |c 1971 | ||
| 300 | |a 55 hoja ;ilustraciones, 1 tarjeta perforada en sobre | ||
| 500 | |a A la Cabeza de la portada. Universidad de Costa Rica. Facultad de Ingeniería. Departamento de Ingeniería Eléctrica. Laboratorio Eléctrico A | ||
| 700 | |a Srur Feris, Miguel A |9 1752 | ||
| 700 | |a Ugalde León, Mario A |9 1753 | ||
| 942 | |c PIE |h PIE-90 |i PIE090 |6 PIE_90_PIE090 | ||
| 999 | |c 13461 |d 13461 | ||
